|
|
|
|
| LEADER |
01177nam a2200265 a 4500 |
| 001 |
GR-MES12969 |
| 008 |
070905s nyu b 000 0 gre d |
| 020 |
|
|
|a 0387297774
|
| 040 |
|
|
|a GrPaTEI
|b gre
|c GR-PaULI
|
| 040 |
|
|
|a GrPaTEI
|b gre
|c GR-PaULI
|
| 082 |
|
0 |
|a 338.180 958
|2 22
|
| 245 |
0 |
0 |
|a Policy reforms and agriculture development in Central Asia ; edited by Suresh Chandra Babu ; Sandjar Djalalov.
|
| 260 |
|
|
|a New York :
|b Springer,
|c 2006
|
| 300 |
|
|
|a xvi
|a 494σ. :
|b εικ. ;
|c 25εκ.
|
| 490 |
0 |
|
|a Natural resource management and policy. 28
|
| 504 |
|
|
|a Περιλαμβάνει βιβλιογραφικές παραπομπές .
|
| 650 |
|
4 |
|a Γεωργία και κράτος
|
| 650 |
|
4 |
|a Γεωργία
|x Οικονομικές απόψεις
|
| 653 |
|
|
|a Agriculture--Economic aspects
|
| 700 |
1 |
|
|a Babu, Suresh Chandra
|
| 700 |
1 |
|
|a Djalalov, Sandjar
|
| 942 |
|
|
|2 ddc
|
| 952 |
|
|
|0 0
|1 0
|2 ddc
|4 0
|6 338_180000000000000_958_POL
|7 0
|9 271518
|a MSLG
|b MSLG
|c BSC
|d 2021-01-17
|e 24
|f 0
|g 0.00
|l 0
|o 338.180 958 POL
|p 2420000022237
|r 2021-01-17 00:00:00
|t 1
|w 2021-01-17
|y BK15
|x 20070905 0 ΜΑΤΣΙΩΡΗ 1
|x GrPaTEI
|
| 971 |
|
|
|a .b2579016x
|b 15-04-20
|c 13-09-16
|
| 999 |
|
|
|c 156856
|d 156856
|